LIBRARY & INFORMATION CENTRE, KCAET, TAVANUR

ONLINE PUBLIC ACCESS CATALOGUE (OPAC)

Digging of soils by earthmovers with powered parts / (Record no. 31)

MARC details
000 -LEADER
fixed length control field 00548cam a2200217ua 4500
020 ## - INTERNATIONAL STANDARD BOOK NUMBER
ISBN 81-205-0007-5
041 ## - LANGUAGE CODE
Language code of text/sound track or separate title eng
082 ## - DEWEY DECIMAL CLASSIFICATION NUMBER
Classification number 631.37
Item number RUD/DI
100 ## - MAIN ENTRY--AUTHOR NAME
Personal name Rudney, V K .
245 ## - TITLE STATEMENT
Title Digging of soils by earthmovers with powered parts /
250 ## - EDITION STATEMENT
Edition statement 1 /
260 ## - PUBLICATION, DISTRIBUTION, ETC. (IMPRINT)
Place of publication New Delhi :
Name of publisher Oxonian press pvt ltd ,
Year of publication 1985.
300 ## - PHYSICAL DESCRIPTION
Number of Pages 136 ; .
650 ## - SUBJECT ADDED ENTRY--TOPICAL TERM
Topical Term Farm Machinery
942 ## - ADDED ENTRY ELEMENTS (KOHA)
Koha item type Books
003 - CONTROL NUMBER IDENTIFIER
control field @
003 - CONTROL NUMBER IDENTIFIER
control field OSt
Holdings
Withdrawn status Lost status Damaged status Home library Current library Date acquired Full call number Accession Number Koha item type
      KAUAET KAUAET 02/09/1986 631.37 15617 Books
free website counter